|
|
|
|
| LEADER |
00000nab a2200000uu 4500 |
| 001 |
vtls011442324 |
| 003 |
SK-MaSNL |
| 005 |
20260303123322.0 |
| 008 |
230213|1971 xo |||||||||||||||||ger| |
| 015 |
|
|
|a SNBRB
|
| 035 |
|
|
|a (urnnbn)urn:nbn:sk:snk:ar-003243
|
| 035 |
|
|
|a (uuid)f3a24d4b-48c4-4644-bd4e-b0893e95c123
|
| 035 |
|
|
|a urn:nbn:sk:snk-abcgd7
|
| 040 |
|
|
|a SNKBUCL
|b slo
|c SNKBUCL
|e AACR2
|
| 041 |
0 |
|
|a ger
|
| 044 |
|
|
|a xo
|c SK
|
| 100 |
1 |
|
|a Weismann, Ľudovít,
|d 1926-2011
|4 aut
|9 98415
|
| 245 |
1 |
0 |
|a POPULATIONSDYNAMIK DER BAUMWOLLBLATTLAUS APHIS GOSSYPII GLOVER IN BAUMWOLLPFLANZUNGEN UNTER DEN ARIDEN BEDINGUNGEN OBERÄGYPTENS
|c Ludovit Weismann, Ján Jasič, A. M. Afify, F. N. Zaki
|
| 700 |
1 |
|
|a Afify, A. M.
|4 aut
|9 1139016
|
| 700 |
1 |
|
|a Zaki, F. N.
|4 aut
|9 1139017
|
| 700 |
1 |
|
|a Jasič, Ján,
|d 1926-1991
|4 aut
|9 113241
|
| 773 |
0 |
|
|t Biológia : časopis Slovenskej akadémie vied
|g Roč. 26, č. 8 (1971), s. 601-610
|
| 954 |
|
|
|a odborná, vedecká literatúra pôvodná (slovenská)
|2 lita
|
| 958 |
|
|
|a OND
|
| 958 |
|
|
|a EUIPO
|
| 958 |
|
|
|a article16
|
| 999 |
|
|
|c 1925177
|d 1927107
|